Five letter words Quiz Stats

 Plays Quiz not verified by Sporcle

Support Sporcle.
Go Orange.
Score 0/30 Timer 10:00
0 Plays Today
hint word % Correct
Vegetarians hate it, Men love it, You eat it for BreakfastBacon
88%
Famous soda that rivals cokePepsi
84%
Invisible spirit that says BooGhost
84%
You are probably sitting in one of thesechair
84%
Children put this under their pillow and get a quarter for it when they wake uptooth
84%
If you aren't a kid you are anadult
84%
fruit that can be red green or yellowapple
80%
U.S. state where cowboys come fromtexas
80%
#1 thing you need to livewater
80%
This invention made it possible to talk to anyone at any time who has onephone
80%
First bird to go 'bald'eagle
80%
ingredients include cheese, dough, tomatoes, pepperoni, sausage, and veggiespizza
80%
Most people love it, some people can't, we all need itsleep
76%
Most girls want it, Some good guys have itmoney
76%
youtube is a site where people watch thesevideo
76%
hint word % Correct
Italian nintendo charactermario
72%
NBA Team whose home town is 'windy'Bulls
68%
Bananas can be this colorBrown
68%
Opposite of addminus
64%
living things that breath in CO2 and exhale Oxygenplant
64%
Gray floating things that can really 'rain' on our paradecloud
60%
Something teenagers always ask moms forsnack
56%
when taking an oath you usuallystand
56%
Father on the show Family GuyPeter
48%
Gracious losers are called thissport
40%
The simple word for euphoriahappy
40%
Lots of these are in the woodscabin
40%
Not very funny ginger talk show host on tbsConan
36%
Greek God of the UnderworldHades
32%
Sport where you can run, jump, or even throwtrack
28%

You're not logged in!

Compare scores with friends on all Sporcle quizzes.
OR
Log In

From the Vault

Missing 'I' Acronyms

by MrChewypoo

These acronyms are really selfish.
Remove Ads.
Support Sporcle.
Get the best of Sporcle when you Go Orange. This ad-free experience offers more features, more stats, and more fun while also helping to support Sporcle. Thank you for becoming a member.

Show Comments

Extras

Created Jan 17, 2013ReportNominate
Tags:Letter Quiz, Five

Top Quizzes Today


Score Distribution

Your Account Isn't Verified!

In order to create a playlist on Sporcle, you need to verify the email address you used during registration. Go to your Sporcle Settings to finish the process.

Report this User

Report this user for behavior that violates our Community Guidelines.

Details: